000 01159nam a2200289 4500
001 0000016736
003 CO-CtgCURN
005 20250329191016.0
007 ta
008 160627s1984 000 0 eng d
020 _a843292704X
040 _aCO-CtgCURN
_bspa
_ccoctgcurn
082 0 _a691
_bM17m
245 0 0 _aMateriales y elementos de construcción.
250 _a4a ed.
260 _aBarcelona :
_bEdiciones Ceac,
_c1984.
300 _a328 p.
336 _2rdacontent
337 _2rdamedia
_asin mediacion
_bn
338 _2rdacarrier
_avolumen
_bnc
490 1 _aEnciclopedia Ceac del delineante. Dibujo tecnico
505 8 _aMateriales de construcción.--Rocas.--Ladrillos.--Morteros.--Hormigones.--Amianto-cemento.--Maderas.--Metales.--Vidrio.--Materiales plasticos.--Materiales Bituminosos.--Pinturas.--Elementos de construcción: Puertas y ventanas.--Muros entramados.--Arcos.--Suelos.--Cubiertas.--Escaleras.--Tabiques.--Pavimentos.--Cielos rasos.--Puentes
650 1 4 _aMateriales de construcción.
908 _a160627
942 _cBK
_h691
_iM17m
_2ddc
999 _c11030
_d11030